Strategi pendidikan bahasa melayu

Bibliographic Details
Format: Book
Published: Kuala Lumpur : DBP , 1994
Subjects:

MARC

LEADER 00000cam a2200000 7i4500
001 0000009744
002 000010610
005 20000330.0
020 |a 9836242457 
090 0 0 |a 499.2307   |b STR 
245 0 0 |a Strategi pendidikan bahasa melayu 
260 |a Kuala Lumpur :   |b DBP ,   |c 1994 
300 |a 419p. ;   |c 19cm. 
650 0 0 |a Malay language   |x Instruction and study 
650 0 0 |a Malay language   |z Malaysia   |x Evaluation 
650 0 0 |a Malay language   |z Malaysia   |x Study and teaching 
999 |a 051282   |b BUKU   |c PINJAMAN   |e PERPUSTAKAAN KOMUNITI PETALING JAYA 
999 |a 051283   |b BUKU   |c PINJAMAN   |e PERPUSTAKAAN KOMUNITI PETALING JAYA 
999 |a 054351   |b BUKU   |c PINJAMAN   |e PERPUSTAKAAN KOMUNITI PETALING JAYA